000 01046pam a2200265 i 4500
001 2281186
003 NUST-PNEC
005 20170116180725.0
008 790723r1979 ohua b 001 0 eng
010 _a 79017831
020 _a0871700816
040 _cPNEC
050 0 0 _aTA485
_b.S65
082 0 0 _a620.161 ASM
100 _9895
_aASM (American Society for Metals)
245 0 0 _aSource book on materials for elevated-temperature applications :
_ba comprehensive collection of outstanding articles from the periodical and reference literature /
_ccompiled by consulting editor, Elihu F. Bradley.
260 _aMetals Park, Ohio :
_bAmerican Society for Metals,
_cc1979.
300 _ax, 398 p. ;
_bill. ;
_c29 cm.
500 _ahttp://www.amazon.com/s/ref=nb_sb_noss?url=search-alias%3Dstripbooks&field-keywords=0871700816
504 _aIncludes bibliographical references and index.
650 0 _aHeat resistant alloys.
_xME
700 1 _aBradley, Elihu F.
906 _a7
_bcbc
_corignew
_d1
_eocip
_f19
_gy-gencatlg
942 _2ddc
_cBK
999 _c61559
_d61559